[Event "ICA Summer Classic (Open)"]
[Site "Boise, ID"]
[Date "2013.08.18"]
[Round "5.4"]
[White "Anthony, Ralph J"]
[Black "Pitre, Hanniegn"]
[Result "0-1"]
[WhiteElo "1510"]
[BlackElo "1839"]
[EventRounds "5"]
[EventCountry "USA"]

1. e4 d5 2. exd5 Nf6 3. d4 Bg4 4. Be2 Bxe2 5. Nxe2 Qxd5 6. O-O Nc6 7. c4 Qxc4
8. Bf4 O-O-O 9. Nd2 Qd3 10. Rc1 Nd5 11. Rxc6 bxc6 12. Qa4 Kb7 13. Nc4 Nb6 14.
Na5+ Ka6 15. Qxc6 e5 16. Nb7 Rxd4 17. Nxd4 Qxd4 18. Be3 Qd5 19. Nc5+ Bxc5 20.
Qxc5 Qxc5 21. Bxc5 Rd8 22. Be3 Kb7 23. h3 f5 24. g3 h6 25. h4 Rd3 26. Rc1 Nd5
27. Bc5 h5 28. Rc2 e4 29. Bf8 g6 30. Bh6 Nb4 31. Rc4 Rd1+ 32. Kg2 Nd3 33. Be3
Ne1+ 34. Kh3 Nf3 35. Rc1 Rxc1 36. Bxc1 Ne1 37. Be3 Nd3 38. Bd4 c5 39. Bc3
Nxf2+ 40. Kg2 Nd3 41. Kf1 Kc6 42. a3 Kd5 43. Ke2 Kc4 44. a4 Kb3 45. a5 Nxb2
46. Be5 Nd3 47. Bb8 a6 48. Bc7 c4 49. Kd1 c3 50. Bf4 c2+ {#R} 0-1

[Event "ICA Summer Classic (Open)"]
[Site "Boise, ID"]
[Date "2013.08.18"]
[Round "5.7"]
[White "Lundy III, George W"]
[Black "Gordon, David"]
[Result "1-0"]
[WhiteElo "1584"]
[BlackElo "1150"]
[EventRounds "5"]
[EventCountry "USA"]

1. g3 Nf6 2. Bg2 d5 3. c4 e6 4. d4 Bd7 5. Nc3 Bb4 6. Bd2 Bc6 7. c5 Bxc3 8.
Bxc3 Ne4 9. Bxe4 dxe4 10. e3 Nd7 11. Ne2 Qe7 12. b4 Nf6 13. a4 Bd5 14. Nf4 O-O
$2 15. g4 h6 16. h4 Nh7 17. Qe2 g5 18. Ng2 Qf6 19. O-O-O b6 20. Kb2 c6 21. Rh2
a5 22. b5 Qf3 23. Qxf3 exf3 24. Ne1 cxb5 25. axb5 a4 26. Nc2 a3+ 27. Nxa3 Ra4
28. Ra1 Nf6 29. hxg5 Nxg4 30. Rh4 Nxf2 31. Rxh6 Rfa8 32. c6 Rxa3 33. Rxa3 Nd3+
34. Kc2 Rxa3 35. Kxd3 f2 36. Rf6 Ra2 37. e4 Bb3 38. Rxf2 Rxf2 39. c7 Rf3+ 40.
Kd2 Rf2+ 41. Ke3 Rh2 42. c8=Q+ Kh7 43. d5 Rh3+ 44. Kf4 {#r} 1-0

[Event "ICA Summer Classic (Open)"]
[Site "Boise, ID"]
[Date "2013.08.18"]
[Round "5.11"]
[White "Gallivan, Ryan Odell"]
[Black "Lee, Conrad"]
[Result "1/2-1/2"]
[WhiteElo "1406"]
[BlackElo "1694"]
[EventRounds "5"]
[EventCountry "USA"]

1. d4 Nf6 2. c4 d5 3. Nc3 e6 4. Bf4 Bd6 5. e3 Bxf4 6. exf4 dxc4 7. Bxc4 Nd5 8.
Nge2 O-O 9. Bd3 Qf6 10. g3 b6 11. Nxd5 exd5 12. Nc3 Re8+ 13. Be2 Bh3 14. Qd2
Bg2 15. Rg1 Bf3 16. O-O-O Bxe2 17. Nxe2 Qc6+ 18. Kb1 Nd7 19. Nc3 Nf6 20. f3
Rad8 21. Rde1 Qb7 22. Re3 Rxe3 23. Qxe3 Re8 24. Qd2 c6 25. Re1 Qd7 26. Re5 Kf8
27. g4 Qd8 28. Qe1 Nd7 29. Rxe8+ Qxe8 30. Qxe8+ Kxe8 31. Ne2 Ke7 32. Kc2 Ke6
33. Ng3 g6 34. f5+ Kf6 35. h4 c5 36. g5+ Ke7 37. f6+ Ke6 38. Kd3 c4+ 39. Ke3
b5 40. Ne2 b4 41. Nf4+ Kd6 42. Ne2 a5 43. Ng3 Nb6 44. h5 a4 45. hxg6 hxg6 46.
Ne2 b3 47. a3 Ke6 48. Nc3 Kd7 {#d} 1/2-1/2

[Event "ICA Summer Classic (Open)"]
[Site "Boise, ID"]
[Date "2013.08.18"]
[Round "5.12"]
[White "Buus, Jarod"]
[Black "Zlatnik, Sean Douglas"]
[Result "1-0"]
[WhiteElo "1201"]
[BlackElo "1574"]
[EventRounds "5"]
[EventCountry "USA"]

1. e4 e6 2. d4 d5 3. e5 c5 4. c3 Nc6 5. Nf3 Qb6 6. a3 cxd4 7. cxd4 Nh6 8. b4
Nf5 9. Bb2 Be7 10. Nc3 Nfxd4 11. Nxd4 Qxd4 12. Qxd4 Nxd4 13. Nxd5 Nf3+ 14. Ke2
Ng1+ 15. Rxg1 exd5 16. Ke3 Be6 17. Bb5+ Kd8 18. Rgd1 Rc8 19. Rac1 Rxc1 20.
Rxc1 a6 21. Bd3 Kd7 22. b5 a5 23. b6 Rc8 24. Rxc8 Kxc8 25. Bb5 Bc5+ 26. Bd4
Bxa3 27. h3 g6 28. g4 Bd7 29. Bd3 Ba4 30. Ke2 Bb4 31. f4 Bb3 32. f5 Bc4 33. e6
Bxd3+ 34. Kxd3 fxe6 35. fxe6 Kd8 36. Bf6+ Be7 37. g5 h6 38. h4 hxg5 39. hxg5
Bxf6 40. gxf6 g5 41. Kd4 a4 42. Kxd5 a3 43. Kd6 Ke8 44. f7+ Kf8 45. Kd7 a2 46.
e7+ {#r} 1-0

[Event "ICA Summer Classic (Reserve)"]
[Site "Boise, ID"]
[Date "2013.08.17"]
[Round "1.1"]
[White "Lang, Jamie"]
[Black "Fortune, Barbara Mary"]
[Result "1-0"]
[WhiteElo "1380"]
[BlackElo "927"]
[EventRounds "5"]
[EventCountry "USA"]

1. e4 c6 2. d4 d5 3. exd5 cxd5 4. Nf3 Bg4 5. Bb5+ Nd7 6. h3 Bxf3 7. Qxf3 Qa5+
8. Nc3 e6 9. Bxd7+ Kxd7 10. Qxf7+ Be7 11. Qxg7 Nf6 12. Bg5 Rag8 13. Qh6 Qb4
14. O-O-O Ne4 15. Bxe7 Qxe7 16. Nxe4 dxe4 17. Qe3 Rxg2 18. Qxe4 Rxf2 19. Qxb7+
Ke8 20. Qc8+ Qd8 21. Qxe6+ Qe7 22. Qc8+ Qd8 23. Rhe1+ Kf7 24. Qb7+ Kf6 25. d5
Qa5 26. Qe7+ Kg6 27. Rg1+ Kf5 28. Qe6+ Kf4 29. Rg4+ Kf3 30. Qe4# 1-0

[Event "ICA Summer Classic (Reserve)"]
[Site "Boise, ID"]
[Date "2013.08.17"]
[Round "1.2"]
[White "Blake, Isaac Robert"]
[Black "Smit, Paul Albert"]
[Result "0-1"]
[WhiteElo "871"]
[BlackElo "1319"]
[EventRounds "5"]
[EventCountry "USA"]

1. Nf3 d5 2. d3 h6 3. Nbd2 Nf6 4. g3 Bg4 5. Bg2 Bxf3 6. Nxf3 e6 7. O-O Bd6 8.
Re1 O-O 9. e4 e5 10. exd5 Nxd5 11. Nxe5 Bxe5 12. Rxe5 c6 13. Bxd5 cxd5 14. Qf3
Nc6 15. Rxd5 Qe7 16. Bd2 Rae8 17. Rf5 Nd4 18. Qd5 Nxf5 19. Qxf5 Qe2 20. Qf4
Qe5 21. Qb4 b6 22. c3 Qf5 23. d4 Re2 24. c4 Qxf2+ {#R} 0-1

[Event "ICA Summer Classic (Reserve)"]
[Site "Boise, ID"]
[Date "2013.08.17"]
[Round "2.1"]
[White "Roberts, Zane A"]
[Black "Lang, Jamie"]
[Result "1-0"]
[WhiteElo "1237"]
[BlackElo "1380"]
[EventRounds "5"]
[EventCountry "USA"]

1. e4 Nc6 2. d4 d5 3. exd5 Qxd5 4. c3 Bf5 5. Nd2 O-O-O 6. Ngf3 Qe6+ 7. Qe2
Qxe2+ 8. Bxe2 Nf6 9. O-O h6 10. Nc4 g5 11. Nfe5 Nxe5 12. Nxe5 Be6 13. Be3 Nd5
14. c4 Nxe3 15. fxe3 f6 16. Bg4 Bxg4 17. Nxg4 h5 18. Nf2 Bh6 19. d5 g4 20.
Rae1 c6 21. e4 cxd5 22. exd5 Rhe8 23. Nd3 e6 24. Rxf6 exd5 25. Rxe8 Rxe8 26.
Rxh6 dxc4 27. Nf4 Re1+ 28. Kf2 Rb1 29. Rxh5 Rxb2+ 30. Ke3 Rxa2 31. Rc5+ Kb8
32. Rxc4 a5 33. Ne2 a4 34. Rxg4 a3 35. Ra4 Ra1 36. h4 a2 37. Nc3 Re1+ 38. Kf4
a1=Q 39. Rxa1 Rxa1 40. h5 Ra3 41. Ne4 Ra4 42. h6 Kc7 43. h7 b5 44. h8=Q {#r}
1-0

[Event "ICA Summer Classic (Reserve)"]
[Site "Boise, ID"]
[Date "2013.08.17"]
[Round "2.4"]
[White "Blake, Lloyd William"]
[Black "Blake, Isaac Robert"]
[Result "0-1"]
[WhiteElo "997"]
[BlackElo "871"]
[EventRounds "5"]
[EventCountry "USA"]

1. e4 c6 2. d4 d5 3. e5 c5 4. Nf3 Bf5 5. Bb5+ Nd7 6. Nc3 Qc7 7. Bd2 e6 8. O-O
O-O-O 9. a4 a6 10. Be2 cxd4 11. Nxd4 Qxe5 12. Nf3 Qd6 13. Nd4 Qb4 14. Nb3 Bd6
15. Ne4 Qxe4 16. Bd3 Qh4 17. f4 Bxd3 18. cxd3 e5 19. g3 Qh3 20. Qc2+ Kb8 21.
Rac1 Ne7 22. Na5 Bc5+ 23. Kh1 Nf5 24. Rf3 Nd4 25. Qc3 Nxf3 26. Nc6+ Ka8 {#R}
0-1

[Event "ICA Summer Classic (Reserve)"]
[Site "Boise, ID"]
[Date "2013.08.17"]
[Round "3.4"]
[White "Blake, Isaac Robert"]
[Black "Schwab, Kyle J"]
[Result "0-1"]
[WhiteElo "871"]
[BlackElo "944"]
[EventRounds "5"]
[EventCountry "USA"]

1. Nf3 d5 2. d3 Nc6 3. Nbd2 e5 4. g3 Nf6 5. Bg2 e4 6. dxe4 dxe4 7. Ng5 Bf5 8.
e3 Bg4 9. f3 exf3 10. Bxf3 Bxf3 11. Qxf3 Qd5 12. Qxd5 Nxd5 13. Ndf3 h6 14. e4
Ndb4 15. O-O hxg5 16. Nxg5 f6 17. Ne6 Na6 18. Bf4 Rc8 19. Rad1 Ke7 20. Nd4
Nxd4 21. Rxd4 Rd8 22. Rxd8 Kxd8 23. Rd1+ Kc8 24. g4 g5 25. Be3 Bd6 26. Rd2 Be5
27. c3 Rh3 28. Bd4 b6 29. Bxe5 fxe5 30. Rf2 Nc5 31. Rf5 Nxe4 32. Rxe5 Re3 33.
h4 gxh4 34. g5 Rg3+ 35. Kh2 Nxg5 36. Re8+ Kd7 37. Rh8 Nf3+ 38. Kh1 h3 39. Rxh3
Rg1# 0-1

[Event "ICA Summer Classic (Reserve)"]
[Site "Boise, ID"]
[Date "2013.08.17"]
[Round "3.5"]
[White "Sawyer, Paul"]
[Black "Fortune, Barbara Mary"]
[Result "1/2-1/2"]
[WhiteElo "406"]
[BlackElo "927"]
[EventRounds "5"]
[EventCountry "USA"]

1. a3 c6 2. d4 d5 3. e3 Nf6 4. Nc3 Bg4 5. Be2 Bxe2 6. Ngxe2 e6 7. O-O Be7 8.
Bd2 O-O 9. Nf4 Qd6 10. e4 dxe4 11. Re1 Qxd4 12. Nfe2 Qb6 13. b3 Nbd7 14. Ng3
Nc5 15. b4 Ncd7 16. Ncxe4 Nxe4 17. Rxe4 Nf6 18. Re3 Ng4 19. Qxg4 Rad8 20. Re2
c5 21. bxc5 Qxc5 22. c3 Rd5 23. Be3 Qxc3 24. Rea2 g6 25. Bxa7 Qa5 26. Be3 Rfd8
27. Qb4 Rd1+ 28. Nf1 Bxb4 29. axb4 Qxb4 {#d} 1/2-1/2

[Event "ICA Summer Classic (Reserve)"]
[Site "Boise, ID"]
[Date "2013.08.18"]
[Round "4.2"]
[White "Roberts, Zane A"]
[Black "Schwab, Kyle J"]
[Result "0-1"]
[WhiteElo "1237"]
[BlackElo "944"]
[EventRounds "5"]
[EventCountry "USA"]

1. e4 d5 2. exd5 Qxd5 3. Nc3 Qa5 4. d4 c6 5. Nf3 e6 6. Ne5 Nd7 7. Nc4 Qd8 8.
Be2 b5 9. Ne3 Bb7 10. Bf3 Qb6 11. O-O Ngf6 12. Qd3 b4 13. Nc4 Qc7 14. Ne2 Nb6
15. Bf4 Qc8 16. Nd6+ Bxd6 17. Bxd6 a5 18. c3 Ba6 19. Qd2 Nc4 20. Qf4 Nd5 21.
Bxd5 cxd5 22. Rfe1 Nxd6 23. Qxd6 Bxe2 24. Rxe2 Ra6 25. Qg3 O-O 26. cxb4 Qc4
27. Qe3 axb4 28. a4 b3 29. Ra3 Rxa4 30. Rxa4 Qxa4 31. f4 Rc8 32. f5 Rc6 33.
Qe5 h6 34. f6 Rc2 35. fxg7 Rxe2 36. Qxe2 Qxd4+ 37. Kf1 Qc4 38. Qxc4 dxc4 39.
Ke1 c3 40. bxc3 b2 41. c4 b1=Q+ 42. Kf2 Qa2+ 43. Kg3 Qxc4 44. h4 h5 45. Kf3 f5
46. g4 hxg4+ 47. Kg3 Qc7+ 48. Kf2 Kxg7 49. h5 Qh2+ 50. Ke3 g3 51. h6+ Kxh6 52.
Kf3 Qf2# 0-1

[Event "ICA Summer Classic (Reserve)"]
[Site "Boise, ID"]
[Date "2013.08.18"]
[Round "4.4"]
[White "Blake, Lloyd William"]
[Black "Sawyer, Paul"]
[Result "1-0"]
[WhiteElo "997"]
[BlackElo "406"]
[EventRounds "5"]
[EventCountry "USA"]

1. Nf3 e6 2. d3 d5 3. g3 Nf6 4. Nbd2 Nc6 5. Bg2 Bd6 6. O-O O-O 7. Re1 Bd7 8.
e4 dxe4 9. dxe4 Re8 10. e5 Nxe5 11. Nxe5 Bxe5 12. Rxe5 Qe7 13. Ne4 Nxe4 14.
Rxe4 Qd6 15. Qxd6 cxd6 16. Rb4 b6 17. Bxa8 Rxa8 18. b3 Rc8 19. c4 d5 20. cxd5
exd5 21. Bb2 Rc2 22. Re1 Rxb2 23. a4 d4 24. Rxd4 Rxb3 25. Rxd7 Rb4 26. Re8#
1-0

[Event "ICA Summer Classic (Reserve)"]
[Site "Boise, ID"]
[Date "2013.08.18"]
[Round "5.5"]
[White "Blake, Isaac Robert"]
[Black "Fortune, Barbara Mary"]
[Result "1-0"]
[WhiteElo "871"]
[BlackElo "927"]
[EventRounds "5"]
[EventCountry "USA"]

1. Nf3 c6 2. d3 d5 3. Nbd2 Nf6 4. g3 Bg4 5. Bg2 Nbd7 6. O-O e6 7. Re1 Be7 8.
b3 O-O 9. h3 Bxf3 10. Bxf3 Rc8 11. e4 d4 12. e5 Nd5 13. Bxd5 cxd5 14. Bb2 Qb6
15. Nf3 f6 16. Bxd4 Qa6 17. g4 f5 18. gxf5 exf5 19. e6 Nf6 20. Bxf6 Bxf6 21.
e7 Rfe8 22. Rb1 Bc3 23. Re2 Qg6+ 24. Kf1 Qh6 25. h4 Rc6 26. Ne5 Rf6 27. Nd7
Rg6 28. Re3 Qxh4 29. Qf3 f4 30. Qxd5+ Kh8 31. Qf7 Qh1+ 32. Ke2 Qh5+ 33. Rf3
Qh2 34. Qxe8# 1-0

[Event "ICA Summer Classic (Open)"]
[Site "Boise, ID"]
[Date "2014.07.19"]
[Round "1.2"]
[White "Buus, Jarod N"]
[Black "Kircher, Caleb Paul"]
[Result "1-0"]
[WhiteElo "1520"]
[BlackElo "1892"]
[EventRounds "5"]
[EventCountry "USA"]

1. e4 d5 2. exd5 Qxd5 3. Nc3 Qd6 4. d4 Nf6 5. h3 c6 6. Nf3 Bf5 7. Bd3 Bxd3 8.
Qxd3 e6 9. g3 Be7 10. Bf4 Qd8 11. O-O-O Nbd7 12. Ne4 Nxe4 13. Qxe4 Nf6 14. Qd3
O-O 15. Ng5 h6 16. h4 Qd5 17. c4 Qf5 18. Qxf5 exf5 19. Nh3 Rad8 20. Rd3 Rd7
21. Rhd1 Rfd8 22. f3 Nh5 23. Kc2 Bf6 24. d5 c5 25. b3 Bd4 26. g4 fxg4 27. fxg4
Nf6 28. g5 hxg5 29. Bxg5 Re8 30. Bxf6 Bxf6 31. Ng5 Re5 32. Rg3 b5 33. Kd3 a6
34. Rf1 Bd8 35. Re3 bxc4+ 36. bxc4 Rxe3+ 37. Kxe3 Rb7 38. Rf2 Bf6 39. Kd3 Bd4
40. Re2 g6 41. Re8+ Kg7 42. Ne4 f6 43. Rc8 Kf7 44. Nd6+ {#r} 1-0

[Event "ICA Summer Classic (Open)"]
[Site "Boise, ID"]
[Date "2014.07.19"]
[Round "1.3"]
[White "Inman, James"]
[Black "Amen, Chris"]
[Result "0-1"]
[WhiteElo "1774"]
[BlackElo "1508"]
[EventRounds "5"]
[EventCountry "USA"]

1. d4 Nf6 2. c4 g6 3. Nc3 d5 4. cxd5 Nxd5 5. e4 Nxc3 6. bxc3 Bg7 7. Nf3 O-O 8.
Bc4 c5 9. Be3 Qa5 10. Qb3 Nc6 11. O-O cxd4 12. cxd4 Bg4 13. Ng5 Nxd4 14. Bxf7+
Kh8 15. Qxb7 Ne2+ 16. Kh1 Bxa1 17. Rxa1 Qc3 18. Rb1 Rab8 19. Qxb8 Rxb8 20.
Rxb8+ Kg7 21. h3 Qe1+ 22. Kh2 Qg1# 0-1

[Event "ICA Summer Classic (Open)"]
[Site "Boise, ID"]
[Date "2014.07.19"]
[Round "1.4"]
[White "Lang, Jamie"]
[Black "Roland, Jeffrey T"]
[Result "0-1"]
[WhiteElo "1474"]
[BlackElo "1755"]
[EventRounds "5"]
[EventCountry "USA"]

1. e4 e5 2. Nf3 Nc6 3. Bc4 Nf6 4. d3 Bc5 5. Bg5 h6 6. Bh4 g5 7. Bg3 d6 8. h3
Be6 9. Bb5 Qd7 10. Nbd2 a6 11. Bc4 O-O-O 12. c3 b5 13. Bxe6 Qxe6 14. Nb3 Bb6
15. Qc2 Nh5 16. d4 Qc4 17. Nbd2 Nb4 18. Nxc4 Nxc2+ 19. Kd2 Nxg3 20. Nxb6+ cxb6
21. fxg3 Nxa1 22. Rxa1 exd4 23. Nxd4 Kd7 24. Rf1 Rde8 25. Rxf7+ Re7 26. Rxe7+
Kxe7 27. Ke3 Kf6 28. Nf3 Rc8 29. Kd4 Ke6 30. Kd3 d5 31. exd5+ Kxd5 32. a3 Rf8
33. g4 Rf4 34. b3 a5 35. Ke3 b4 36. axb4 axb4 37. c4+ Kc5 38. g3 Rxf3+ 39.
Kxf3 Kd4 {#R} 0-1

[Event "ICA Summer Classic (Open)"]
[Site "Boise, ID"]
[Date "2014.07.19"]
[Round "1.8"]
[White "Olson, Christopher Ronald"]
[Black "Sanderson, Kenneth"]
[Result "1-0"]
[WhiteElo "895"]
[BlackElo "1580"]
[EventRounds "5"]
[EventCountry "USA"]

1. e4 c5 2. Nf3 d6 3. c3 Nf6 4. Bd3 Nc6 5. h3 e6 6. Bc2 d5 7. e5 Nd7 8. d4 c4
9. Bg5 Be7 10. Bxe7 Nxe7 11. O-O Nf5 12. Qd2 Nf8 13. g4 Nh4 14. Nh2 h6 15. f4
Bd7 16. b3 b5 17. b4 Nfg6 18. Qe3 Qe7 19. Nd2 O-O-O 20. a4 a6 21. axb5 Bxb5
22. Nhf3 f5 23. exf6 Qxf6 24. Nxh4 Nxh4 25. Qg3 Qe7 26. Nf3 Nxf3+ 27. Qxf3 Kb7
28. Rfe1 Qf6 29. Qg3 Bd7 30. Re5 Rhf8 31. Rf1 g6 32. Kh2 Rg8 33. g5 h5 34.
gxf6 {#r} 1-0

[Event "ICA Summer Classic (Open)"]
[Site "Boise, ID"]
[Date "2014.07.19"]
[Round "2.1"]
[White "Amen, Chris"]
[Black "Gorman, Cody Austin"]
[Result "0-1"]
[WhiteElo "1508"]
[BlackElo "1905"]
[EventRounds "5"]
[EventCountry "USA"]

1. c4 c6 2. g3 d5 3. Bg2 Nf6 4. Nf3 dxc4 5. a4 Bf5 6. Na3 e6 7. Nxc4 Bb4 8.
O-O O-O 9. Nh4 Be4 10. f3 Qd4+ 11. Kh1 Bxf3 12. Nxf3 Qxc4 13. b3 Qc5 14. Bb2
Nbd7 15. Rc1 Qe7 16. Ne5 Nxe5 17. Bxe5 Nd7 18. Bb2 e5 19. d3 Ba3 20. Bxa3 Qxa3
21. Rc4 Qd6 22. d4 Nb6 23. Rc2 Rad8 24. Rd2 Rd7 25. a5 Nc8 26. d5 c5 27. e4
Qa6 28. Qa1 Re8 29. Qc3 b6 30. axb6 axb6 31. Rf5 f6 32. Bf1 Qa7 33. Bb5 Nd6
34. Bxd7 Qxd7 35. Qd3 Nxf5 36. exf5 e4 37. Qf1 e3 38. Rd3 e2 39. Qe1 Qxf5 {#R}
0-1

[Event "ICA Summer Classic (Open)"]
[Site "Boise, ID"]
[Date "2014.07.19"]
[Round "2.2"]
[White "Roland, Jeffrey T"]
[Black "Buus, Jarod N"]
[Result "1-0"]
[WhiteElo "1755"]
[BlackElo "1520"]
[EventRounds "5"]
[EventCountry "USA"]

1. e4 c5 2. Nc3 a6 3. g3 e5 4. Bg2 Nf6 5. d3 h6 6. Nge2 Nc6 7. O-O d6 8. h3 g5
9. Nd5 Nxd5 10. exd5 Ne7 11. c4 Bg7 12. Nc3 O-O 13. f4 exf4 14. gxf4 Bxc3 15.
bxc3 f6 16. Qh5 Kg7 17. fxg5 fxg5 18. Rxf8 Qxf8 19. Bxg5 hxg5 20. Rf1 Bf5 21.
Qxg5+ Kh8 22. Rf4 Qg7 23. Rh4+ Kg8 24. Qe3 Kf7 25. Rf4 Qg6 26. Kh2 Rg8 27. Be4
Rh8 28. Qf3 Rh5 29. d4 cxd4 30. c5 Kg7 31. Bxf5 Rxf5 32. cxd6 Qxd6 33. Qg3+
Qg6 34. Rg4 Rg5 35. Rxg5 {#r} 1-0

[Event "ICA Summer Classic (Open)"]
[Site "Boise, ID"]
[Date "2014.07.19"]
[Round "2.3"]
[White "Zaklan, David Allen"]
[Black "Zlatnik, Sean"]
[Result "1-0"]
[WhiteElo "1276"]
[BlackElo "1705"]
[EventRounds "5"]
[EventCountry "USA"]

1. d4 e6 2. c4 f5 3. Nf3 Nf6 4. Nc3 Bb4 5. a3 Bxc3+ 6. bxc3 O-O 7. a4 Ne4 8.
Qd3 b6 9. e3 Ba6 10. Be2 d5 11. Ne5 dxc4 12. Nxc4 Nd6 13. Ba3 Bxc4 14. Qd2
Bxe2 15. Qxe2 Nd7 16. O-O Qg5 17. f3 Rae8 18. Bc1 Qh4 19. g3 Qh5 20. Rf2 e5
21. Ba3 Rf6 22. Bxd6 Rxd6 23. Qc4+ Qf7 24. Qxc7 Qe7 25. Qc4+ Kh8 26. a5 exd4
27. cxd4 Qxe3 28. d5 Ne5 29. Qc7 Nxf3+ 30. Kg2 Ne1+ 31. Rxe1 Qxe1 32. Qxd6
Qe4+ 33. Rf3 bxa5 34. Qc5 a4 35. d6 Qb7 36. Qxf5 Kg8 37. d7 Re2+ 38. Kh3 {#r}
1-0

[Event "ICA Summer Classic (Open)"]
[Site "Boise, ID"]
[Date "2014.07.19"]
[Round "2.8"]
[White "Sanderson, Kenneth"]
[Black "Siek, Justin"]
[Result "1-0"]
[WhiteElo "1580"]
[BlackElo "955"]
[EventRounds "5"]
[EventCountry "USA"]

1. e4 e5 2. Nf3 Nc6 3. Bb5 a6 4. Ba4 b5 5. Bb3 Nf6 6. d3 Bc5 7. c3 O-O 8. Bg5
d6 9. h3 Be6 10. Bd5 Bxd5 11. exd5 Na5 12. b4 Bxb4 13. cxb4 Nb7 14. Nbd2 h6
15. Bh4 Rc8 16. Ne4 c6 17. Nxf6+ gxf6 18. Rc1 cxd5 19. Rxc8 Qxc8 20. Bxf6 Qc3+
21. Nd2 Qxd3 22. Qg4+ Qg6 23. Ke2 Qxg4+ 24. hxg4 Kh7 25. g5 Kg6 26. Rxh6+ Kf5
27. Nf3 Rc8 28. Kd2 Rc4 29. a3 e4 30. Nd4+ Kf4 31. Rh4# 1-0

[Event "ICA Summer Classic (Open)"]
[Site "Boise, ID"]
[Date "2014.07.19"]
[Round "3.2"]
[White "Roland, Jeffrey T"]
[Black "Zaklan, David Allen"]
[Result "1-0"]
[WhiteElo "1755"]
[BlackElo "1276"]
[EventRounds "5"]
[EventCountry "USA"]

1. e4 c6 2. d4 f5 3. Nc3 fxe4 4. Nxe4 d5 5. Qh5+ g6 6. Qe5 Nf6 7. Nxf6+ Kf7 8.
Nh5 Bf5 9. Bd3 Nd7 10. Qxh8 Bxd3 11. Qxh7+ Ke8 12. cxd3 Qa5+ 13. Bd2 Qb5 14.
Qxg6+ Kd8 15. Nf4 Kc7 16. Rc1 Qxb2 17. Nxd5+ Kd8 18. Nf4 Nf6 19. Nf3 Nd5 20.
Ne6+ Kd7 21. Ne5+ Kd6 22. Nc4+ Kd7 23. Nxb2 Nf6 24. Qf5 Rc8 25. Nxf8+ Ke8 26.
Qxc8+ Kf7 27. Bh6 Nd5 28. Qxb7 Nf6 29. Rxc6 Ng4 30. Ng6 Nxh6 31. Qxe7+ Kg8 32.
Rc8# 1-0

[Event "ICA Summer Classic (Open)"]
[Site "Boise, ID"]
[Date "2014.07.19"]
[Round "3.3"]
[White "Amen, Chris"]
[Black "Kircher, Caleb Paul"]
[Result "0-1"]
[WhiteElo "1508"]
[BlackElo "1892"]
[EventRounds "5"]
[EventCountry "USA"]

1. c4 e6 2. Nc3 d5 3. d4 c6 4. b3 f5 5. g3 Nf6 6. Nh3 Bb4 7. Bd2 Qa5 8. Qc2
Ne4 9. Nxe4 dxe4 10. O-O-O Na6 11. Bg2 O-O 12. Nf4 Bd7 13. f3 e5 14. dxe5 Qxe5
15. Kb1 e3 16. Bxe3 Qxe3 17. Rxd7 Nc5 18. Rdd1 a5 19. Nd3 Rfc8 20. Rhe1 Bxe1
21. Rxe1 Nxd3 {#R} 0-1

[Event "ICA Summer Classic (Open)"]
[Site "Boise, ID"]
[Date "2014.07.19"]
[Round "3.4"]
[White "Inman, James"]
[Black "Sanderson, Kenneth"]
[Result "1-0"]
[WhiteElo "1774"]
[BlackElo "1580"]
[EventRounds "5"]
[EventCountry "USA"]

1. d4 Nf6 2. c4 e6 3. Nc3 Bb4 4. Qc2 Nc6 5. Nf3 d6 6. e3 b6 7. Bd2 Bb7 8. a3
Bxc3 9. Bxc3 Ne7 10. Nd2 Ng6 11. f3 O-O 12. Bd3 c5 13. h4 cxd4 14. Bxd4 Ne5
15. Bxe5 dxe5 16. O-O-O Rc8 17. Ne4 Qe7 18. Nxf6+ Qxf6 19. Bxh7+ Kh8 20. Bd3
a5 21. Kb1 Ba6 22. Qe2 Rc5 23. g4 Rfc8 24. g5 Qe7 25. f4 Bxc4 26. Qh5+ {#r}
1-0

[Event "ICA Summer Classic (Open)"]
[Site "Boise, ID"]
[Date "2014.07.20"]
[Round "4.1"]
[White "Gorman, Cody Austin"]
[Black "Roland, Jeffrey T"]
[Result "1/2-1/2"]
[WhiteElo "1905"]
[BlackElo "1755"]
[EventRounds "5"]
[EventCountry "USA"]

1. d4 d5 2. c4 e6 3. Nc3 Be7 4. cxd5 exd5 5. Bf4 c6 6. e3 Nf6 7. Bd3 O-O 8.
Qc2 Be6 9. Nge2 Nbd7 10. Rb1 Re8 11. b4 a6 12. O-O Nf8 13. a4 Rc8 14. Qb2 Ng6
15. Bxg6 hxg6 16. b5 cxb5 17. axb5 Bf5 18. bxa6 bxa6 19. Ra1 Bd3 20. Rfd1 Bc4
21. h3 Bd6 22. Bxd6 Qxd6 23. Qa3 Qxa3 24. Rxa3 Rb8 25. Rd2 Rb7 26. Nf4 Reb8
27. Ra5 Rd8 28. h4 Rb3 29. Rc2 Ng4 30. g3 Rdb8 31. Kg2 Rb2 32. Rxb2 Rxb2 33.
Kf3 f5 34. Nce2 Nh2+ 35. Kg2 Bxe2 36. Nxe2 Rxe2 37. Kxh2 Rxf2+ 38. Kg1 Re2 39.
Rxa6 Rxe3 40. Rxg6 Kf7 41. Rd6 Rxg3+ 42. Kf2 Rg4 43. Rxd5 Rxh4 44. Rxf5+ Ke6
45. Rg5 Rxd4 46. Rxg7 {#d} 1/2-1/2

[Event "ICA Summer Classic (Open)"]
[Site "Boise, ID"]
[Date "2014.07.20"]
[Round "4.2"]
[White "Kircher, Caleb Paul"]
[Black "Zaklan, David Allen"]
[Result "1-0"]
[WhiteElo "1892"]
[BlackElo "1276"]
[EventRounds "5"]
[EventCountry "USA"]

1. f4 c6 2. e4 d5 3. e5 Bf5 4. Nf3 c5 5. Bb5+ Nc6 6. Bxc6+ bxc6 7. O-O h6 8.
d3 e6 9. Qe2 Ne7 10. c4 Nc8 11. Rd1 Be7 12. b3 O-O 13. Nc3 Nb6 14. Ba3 Qc8 15.
h3 Re8 16. Qf2 Nd7 17. Na4 Qa6 18. Bxc5 Nb6 19. Nxb6 axb6 20. Bxb6 Rac8 21.
Bc5 Bd8 22. Kh1 Ba5 23. Rac1 Bc7 24. Nd4 Bh7 25. Nf3 Ra8 26. Rd2 Ba5 27. b4
Bd8 28. Nd4 Qa3 29. Rcd1 Rc8 30. Nb3 Qa6 31. cxd5 exd5 32. d4 Qb7 33. a4 Qd7
34. Bd6 Qa7 35. Nc5 Bc7 36. Bxc7 Rxc7 37. f5 Qb6 38. Rb2 Qb8 39. b5 cxb5 40.
Rxb5 Qa8 41. Rd3 Ra7 42. Rg3 Rc7 43. f6 g5 44. Qe3 Bg6 45. h4 gxh4 46. Qxh6
{#r} 1-0

[Event "ICA Summer Classic (Open)"]
[Site "Boise, ID"]
[Date "2014.07.20"]
[Round "4.6"]
[White "Sanderson, Kenneth"]
[Black "Buus, Jarod N"]
[Result "1-0"]
[WhiteElo "1580"]
[BlackElo "1520"]
[EventRounds "5"]
[EventCountry "USA"]

1. e4 c5 2. Nc3 a6 3. g3 d6 4. d3 Nc6 5. Nge2 g6 6. Be3 Nf6 7. Bg2 Bg7 8. Qd2
Ng4 9. Bf4 e5 10. Bg5 f6 11. Be3 Nxe3 12. fxe3 Be6 13. Nd5 Bxd5 14. exd5 Ne7
15. e4 O-O 16. Bh3 Qe8 17. Be6+ Kh8 18. O-O Nc6 19. Bh3 Nd8 20. Qa5 Nf7 21.
Qb6 Ng5 22. Bg2 Qd8 23. Qxb7 Rf7 24. Qc6 Qa5 25. Qxa8+ {#r} 1-0